250 città più grandi d'Italia - ESTREMO ! - Statistics

Statistiche generali
  • Questo quiz è stato fatto 4.753 volte
    4.082 dall'ultimo reset
  • Il punteggio medio è 115 su 250
Statistiche sulle risposte
Popolazione Regione Comune % Corretto
2.761.632 Lazio Roma
98%
1.371.498 Lombardia Milano
97%
914758 Campania Napoli
97%
560688 Liguria Genova
96%
630828 Sicilia Palermo
96%
848885 Piemonte Torino
96%
316140 Puglia Bari
95%
392203 Emilia-Romagna Bologna
95%
367150 Toscana Firenze
95%
298324 Sicilia Catania
94%
257274 Veneto Venezia
94%
200594 Friuli-Venezia-Giulia Trieste
91%
254661 Veneto Verona
91%
220094 Sicilia Messina
90%
148881 Sardegna Cagliari
89%
171800 Calabria Reggio Calabria
88%
196850 Lombardia Brescia
87%
208732 Veneto Padova
87%
163598 Umbria Perugia
87%
89828 Toscana Pisa
87%
118509 Trentino-Alto Adige/Südtirol Trento
87%
120207 Lombardia Bergamo
86%
95253 Puglia Lecce
86%
196655 Emilia-Romagna Parma
86%
169029 Emilia-Romagna Reggio Emilia
86%
150051 Emilia-Romagna Rimini
86%
128105 Campania Salerno
85%
97761 Friuli-Venezia-Giulia Udine
85%
107025 Trentino-Alto Adige/Südtirol Bolzano
84%
146379 Puglia Foggia
84%
127221 Lazio Latina
84%
154177 Toscana Livorno
84%
85544 Calabria Catanzaro
83%
185644 Emilia-Romagna Modena
83%
122099 Lombardia Monza
82%
121657 Sardegna Sassari
82%
189171 Puglia Taranto
82%
98664 Marche Ancona
81%
92216 Liguria La Spezia
81%
200762 Toscana Prato
81%
119406 Abruzzo Pescara
80%
156080 Emilia-Romagna Ravenna
80%
116447 Sicilia Siracusa
80%
90987 Piemonte Alessandria
79%
83626 Lombardia Como
79%
110675 Veneto Vicenza
79%
131091 Emilia-Romagna Ferrara
78%
102902 Emilia-Romagna Piacenza
78%
107314 Umbria Terni
78%
73068 Campania Caserta
77%
69508 Abruzzo L'Aquila
77%
56939 Campania Benevento
76%
64486 Sicilia Trapani
76%
83169 Puglia Brindisi
75%
116861 Emilia-Romagna Forlì
75%
44003 Lazio Frosinone
75%
81440 Toscana Grosseto
75%
89219 Toscana Lucca
75%
52568 Campania Avellino
74%
92466 Puglia Barletta
74%
101727 Piemonte Novara
74%
96672 Toscana Arezzo
73%
73539 Piemonte Asti
73%
96307 Emilia-Romagna Cesena
73%
53724 Toscana Siena
73%
63713 Calabria Cosenza
72%
47060 Lombardia Lecco
72%
55636 Sicilia Agrigento
71%
70943 Lombardia Cremona
71%
58478 Calabria Crotone
71%
55813 Piemonte Cuneo
71%
48648 Lombardia Mantova
71%
66423 Toscana Massa
71%
72690 Sicilia Ragusa
71%
58563 Liguria Savona
71%
84793 Veneto Treviso
71%
65987 Lazio Viterbo
71%
59063 Sicilia Caltanissetta
70%
71159 Lombardia Pavia
70%
95753 Marche Pesaro
70%
89501 Toscana Pistoia
70%
64786 Basilicata Potenza
70%
78875 Lombardia Varese
70%
51818 Friuli-Venezia-Giulia Pordenone
69%
97173 Puglia Andria
68%
42060 Liguria Imperia
68%
59869 Basilicata Matera
68%
47334 Molise Campobasso
67%
45624 Lazio Rieti
66%
44793 Lombardia Lodi
65%
60434 Toscana Carrara
64%
48612 Abruzzo Chieti
64%
60385 Sardegna Olbia
64%
54838 Puglia Trani
63%
45141 Piemonte Vercelli
63%
35436 Veneto Belluno
62%
40820 Marche Macerata
61%
50379 Veneto Rovigo
61%
42761 Piemonte Biella
58%
51891 Abruzzo Teramo
58%
122935 Campania Giugliano in Campania
54%
69592 Emilia-Romagna Imola
54%
35932 Marche Fermo
53%
34704 Emilia-Romagna Riccione
52%
46079 Marche Ascoli Piceno
51%
79732 Lombardia Sesto San Giovanni
51%
71711 Emilia-Romagna Carpi
49%
80625 Lazio Fiumicino
49%
53154 Liguria Sanremo
49%
82981 Lombardia Busto Arsizio
48%
48600 Toscana Empoli
48%
40544 Emilia-Romagna Sassuolo
47%
71708 Sicilia Gela
46%
63161 Campania Castellammare di Stabia
45%
80071 Sicilia Marsala
44%
50604 Lombardia Rho
43%
80825 Campania Torre del Greco
43%
60936 Toscana Viareggio
42%
74534 Lombardia Cinisello Balsamo
41%
59835 Marche Fano
41%
76290 Campania Pozzuoli
41%
61881 Campania Afragola
40%
51824 Lazio Civitavecchia
40%
67110 Calabria Lamezia Terme
39%
68430 Sardegna Quartu Sant'Elena
38%
59055 Emilia-Romagna Faenza
37%
88237 Lazio Guidonia Montecelio
37%
69668 Puglia Altamura
36%
54900 Lazio Tivoli
34%
62384 Lombardia Vigevano
34%
59816 Lombardia Legnano
33%
47931 Puglia Monopoli
33%
73887 Lazio Aprilia
32%
57039 Puglia Cerignola
32%
47040 Marche San Benedetto del Tronto
32%
50093 Campania Ercolano
31%
55520 Umbria Foligno
31%
40994 Trentino-Alto Adige/Südtirol Merano
31%
39819 Trentino-Alto Adige/Südtirol Rovereto
31%
58247 Lazio Anzio
30%
73492 Campania Casoria
30%
52826 Lombardia Gallarate
30%
54312 Puglia Manfredonia
30%
63612 Lazio Pomezia
30%
62332 Sicilia Vittoria
30%
42352 Sardegna Alghero
29%
42371 Veneto Bassano del Grappa
28%
50129 Sicilia Mazara del Vallo
28%
57510 Puglia Molfetta
28%
44088 Marche Senigallia
28%
36556 Umbria Spoleto
28%
40320 Campania Torre Annunziata
28%
50417 Sicilia Acireale
27%
49644 Campania Battipaglia
27%
48054 Veneto Chioggia
27%
73920 Calabria Corigliano-Rossano
27%
39183 Marche Jesi
27%
40436 Abruzzo Vasto
27%
58152 Campania Acerra
26%
50221 Campania Aversa
26%
56095 Piemonte Moncalieri
26%
41437 Lombardia Rozzano
26%
53226 Puglia Bitonto
25%
53374 Sicilia Modica
25%
49740 Puglia San Severo
25%
53581 Puglia Bisceglie
24%
52224 Campania Portici
24%
41703 Veneto San Donà di Piave
24%
49157 Toscana Sesto Fiorentino
24%
45942 Piemonte Settimo Torinese
24%
40872 Abruzzo Avezzano
23%
38589 Lazio Ciampino
23%
44169 Campania Nocera Inferiore
23%
50797 Campania Cava de' Tirreni
22%
41735 Marche Civitanova Marche
22%
46790 Lombardia Cologno Monzese
22%
39320 Lombardia San Giuliano Milanese
22%
49996 Toscana Scandicci
22%
38455 Lombardia Voghera
22%
53174 Abruzzo Montesilvano
21%
47965 Lazio Nettuno
21%
52151 Lazio Velletri
21%
52705 Sicilia Bagheria
20%
38465 Umbria Città di Castello
20%
41635 Lombardia Desio
20%
44832 Lombardia Seregno
20%
35176 Emilia-Romagna Cento
19%
38658 Lombardia Saronno
19%
34681 Sicilia Augusta
18%
39839 Sicilia Barcellona Pozzo di Gotto
18%
39340 Lombardia Cantù
18%
35300 Lazio Cassino
18%
37623 Campania Eboli
18%
37301 Lazio Formia
18%
47386 Piemonte Rivoli
18%
39115 Sicilia Sciacca
18%
44623 Lazio Terracina
18%
35890 Sicilia Caltagirone
17%
35877 Emilia-Romagna Casalecchio di Reno
17%
40390 Lazio Ladispoli
17%
47070 Puglia Martina Franca
17%
35371 Piemonte Pinerolo
17%
36655 Lombardia Segrate
17%
35135 Puglia Francavilla Fontana
16%
46142 Lombardia Lissone
16%
57514 Campania Marano di Napoli
16%
38351 Sicilia Monreale
16%
41020 Lazio Monterotondo
16%
46312 Piemonte Nichelino
16%
47084 Lombardia Paderno Dugnano
16%
39683 Campania Pomigliano d'Arco
16%
38528 Veneto Schio
16%
44599 Sicilia Alcamo
15%
35053 Lombardia Cernusco sul Naviglio
15%
35853 Piemonte Chieri
15%
38800 Puglia Fasano
15%
42821 Puglia Gravina in Puglia
15%
37538 Veneto Mira
15%
48197 Campania Scafati
15%
48068 Toscana Campi Bisenzio
14%
39118 Lombardia Cesano Maderno
14%
45070 Sicilia Paternò
14%
40924 Campania Quarto
14%
42784 Campania San Giorgio a Cremano
14%
39466 Lazio Albano Laziale
13%
48372 Lazio Ardea
13%
36232 Lombardia Bollate
13%
35587 Campania Caivano
13%
45900 Lazio Marino
13%
48784 Sicilia Misterbianco
13%
34741 Marche Osimo
13%
36051 Calabria Rende
13%
44775 Toscana Cascina
12%
37251 Lazio Cerveteri
12%
36502 Lazio Cisterna di Latina
12%
48451 Piemonte Collegno
12%
47024 Puglia Corato
12%
39377 Lazio Fondi
12%
34446 Emilia-Romagna Formigine
12%
37062 Piemonte Grugliasco
12%
34718 Lombardia Limbiate
11%
36942 Campania Maddaloni
11%
35878 Campania Melito di Napoli
11%
36471 Puglia Modugno
11%
36051 Lombardia Pioltello
11%
46296 Toscana Capannori
10%
38850 Sicilia Carini
10%
47019 Campania Casalnuovo di Napoli
10%
34845 Lombardia Brugherio
9%
38476 Campania Marcianese
8%
Nessun quiz corrispondente trovato
Distribuzione punteggi
Percentuale di utenti per punteggio
Percentile per numero di risposta
I tuoi punteggi nel tempo
Non hai fatto questo quiz dall'ultimo reset